000 00247nam a2200121Ia 4500
003 LDD
040 _cLDD
041 _aen
245 0 _aIASSI quarterly : to be entered
260 _c1 Jan-30 Jun,2006
362 _a24-24
_b03-Apr
942 _2ddc
_cJ
999 _c179395
_d179395